Raças Bovinas - Statistics

Estatísticas Gerais
  • Esse quiz foi jogado 41 vezes
  • A pontuação média é 6 de 15
Estatísticas das Respostas
Hint Resposta % Correto
Possui a pelagem branca e a pele preta o que lhe confere uma tolerância extraordinária ao calor. Atualmente, é a raça de gado mais utilizada no Brasil. NELORE
88%
Tem as suas origens no nordeste da Escócia, onde o seu aperfeiçoamento começou há cerca de duzentos anos. ANGUS
74%
Apresenta como coloração típica a pelagem de fundo claro com pintas avermelhadas, ou a de fundo vermelho com pintas claras. GIR LEITEIRO
68%
É uma das raças de maior aptidão leiteira conhecida. HOLSTEIN-FRÍSIA
62%
Raça genuinamente brasileira, de alta produtividade e extrema adaptabilidade. GIROLANDO
47%
Possui porte imponente, cabeça alta e chifres grandes em forma de lira GUZERA
44%
É uma raça de pequeno porte, usada principalmente como gado leiteiro, dada a qualidade de seu leite em termos de gordura e sólidos não gordurosos JERSEY
44%
Proveniente de cruzamentos entre o gado N'Dama, do Senegal, e gado Red Poll. SENEPOL
32%
Cruzamento 5/8 Angus y 3/8 Cebu BRANGUS
29%
A primeira raça das Ilhas Britânicas HEREFORD
26%
É originária da França, LIMOUSIN
24%
Raça zebuína brasileira formada a partir de Gir e Guzerá, principalmente. INDUBRASIL
21%
Animais de pequeno porte, não excedendo 1 metro e 30 no cupim, porém reforçados, especialmente as vacas, “produtoras de excelente e abundante leite” SINDI
21%
Resultado do cruzamento de quatro outras raças: Gir, Nelore, Guzerá e Krishna Valley. Tem sua origem os Estados Unidos. BRAHMAN
18%
Raça bovina com origem no Vale do Rio Simmen, o qual está situado no Cantão de Berna, no oeste da Suíça SIMENTAL
18%
Nenhum quiz correspondente encontrado
Distribuição das Pontuações
Porcentagem de Pessoas com Cada Pontuação
Percentil de Números Respondidos
Sua Pontuação Histórica
Você não jogou esse quiz